Normale Ansicht MARC-Ansicht

Eintrag Kongressname

Verwendet in 1 Titel(n)

001 - Kontrollnummer

  • Kontrollfeld: 68549

003 - Kontrollnummer Identifier

  • Kontrollfeld:

005 - Datum und Zeit der letzten Transaktion

  • Kontrollfeld: 20260223102859.0

008 - Datenelemente mit fester Länge

  • Kontrollfeld mit fester Länge: 260223|| aca||aabn | a|a d

040 ## - Katalogisierungsquelle

  • Original-Katalogisierungsstelle:
  • Übertragungsstelle:

111 ## - Ansetzung - Kongressname

  • Kongress- oder Gebietskörperschaftsname als Eintragungselement: Materialy VII Meždunarodnogo foruma istorikov-kavkazovedov
  • Ort des Kongresses: Rostov-na-Donu
  • Datum des Kongresses: 12-13 nojabra 2020

670 ## - Datenquelle

  • Quellenangabe: Work cat.: ()73776: edt Matišov, G. G. 68548, Nacional'no-gosudarstvennye preobrazovanija na kavkaze